Microeconomía
Gespeichert in:
| Hauptverfasser: | , |
|---|---|
| Format: | Buch |
| Sprache: | Spanisch |
| Veröffentlicht: |
Madrid
Pearson Educación
2009
|
| Ausgabe: | 7a. ed |
| Schlagworte: | |
| Online-Zugang: | Disponible Online |
| Tags: |
Tag hinzufügen
Keine Tags, Fügen Sie den ersten Tag hinzu!
|
MARC
| LEADER | 00000cam a2200000 a 4500 | ||
|---|---|---|---|
| 001 | UCF2314 | ||
| 003 | CL-VaPUC | ||
| 005 | 20210407001314.0 | ||
| 008 | 120817e20090000SP |||||||||||||||||spa|d | ||
| 999 | |c 348886 |d 348884 | ||
| 020 | |a 9788483225004 | ||
| 040 | |c Pontificia Universidad Católica de Valparaíso | ||
| 082 | 0 | 4 | |a 338.5 PIN 2009 |2 21 |
| 100 | 0 | |a Pindyck, Robert S |e author |9 563908 | |
| 245 | 1 | 0 | |a Microeconomía |
| 250 | |a 7a. ed | ||
| 260 | |a Madrid |b Pearson Educación |c 2009 | ||
| 300 | |a 850 p | ||
| 505 | |a PRIMERA•PARTE Introducción: los mercados y los precios 1.Prolegómenos. 2.Los elementos básicos de la oferta y de la demanda. SEGUNDA•PARTE Los productores, los consumidores y los mercados competitivos 3.La conducta de los consumidores . 4.La demanda del individuo y del mercado. 5.La incertidumbre y la conducta de los consumidores. 6.La producción. 7.El coste de producción. 8.La maximización de los beneficios y la oferta competitiva. 9.El análisis de los mercados competitivos TERCERA•PARTE Estructura del mercado y estrategia competitiva 10.El poder de mercado: el monopolio y el monopsonio 11.La fijación de los precios con poder de mercado. 12.La competencia monopolística y el oligopolio. 13.La teoría de los juegos y la estrategia competitiva. 14.Los mercados de factores. 15.La inversión, el tiempo y los mercados de capitales. CUARTA•PARTE La información, los fallos del mercado y el papel del Estado. 16. El equilibrio general y la eficiencia económica. 17. Los mercados con información asimétrica. 18. Las externalidades y los bienes públicos. Apéndice: Los principios básicos de la regresión. Glosario Respuestas de algunos ejercicios. Índice | ||
| 583 | |a last modification |c 20151105 10:23:46 |k Rodrigo Vera | ||
| 650 | 0 | |a Política económica |9 255029 | |
| 650 | 0 | |a Toma de decisiones |9 257530 | |
| 650 | 0 | |a Planificación estratégica |9 259735 | |
| 700 | 0 | |a Rubinfeld, Daniel L |e author |9 563909 | |
| 852 | |a BIBCUR | ||
| 856 | |u http://bibliografiadigital.pucv.cl.pucv.idm.oclc.org/index.php/bibliotecapucv/catalog/book/140 |y Disponible Online | ||
| 942 | |c BK |2 ddc | ||
| 945 | |d 20120817 00:00:00 |a cmena | ||
| 952 | |0 0 |1 0 |2 ddc |4 0 |6 338_500000000000000_PIN_2009 |7 0 |8 A |9 451148 |a BIBING |b BIBING |c RES |d 2019-11-22 |i 4895681 |l 4 |o 338.5 PIN 2009 |p 4895681 |r 2025-01-20 |s 2024-08-06 |w 2019-11-22 |y BK |k EII | ||
| 952 | |0 0 |1 0 |2 ddc |4 0 |6 338_500000000000000_PIN_2009 |7 0 |8 A |9 451149 |a BIBING |b BIBING |c RES |d 2019-11-22 |i 489569K |l 1 |o 338.5 PIN 2009 |p 489569K |q 2020-09-30 |r 2020-07-28 |s 2020-07-28 |w 2019-11-22 |y BK |k EII | ||
| 952 | |0 0 |1 0 |2 ddc |4 0 |6 338_500000000000000_PIN_2009 |7 0 |8 A |9 451150 |a BIBING |b BIBING |c RES |d 2019-11-22 |i 4895703 |l 2 |o 338.5 PIN 2009 |p 4895703 |q 2022-07-29 |r 2022-05-27 |s 2022-05-27 |w 2019-11-22 |y BK_R |k EII | ||
| 952 | |0 0 |1 0 |2 ddc |4 0 |6 338_500000000000000_PIN_2009 |7 0 |8 A |9 451151 |a BIBING |b BIBING |c RES |d 2019-11-22 |i 4895711 |l 4 |o 338.5 PIN 2009 |p 4895711 |r 2025-01-20 |s 2024-05-10 |w 2019-11-22 |y BK |k EII | ||
| 952 | |0 0 |1 0 |2 ddc |4 0 |6 338_500000000000000_PIN_2009 |7 0 |8 A |9 451152 |a BIBING |b BIBING |c RES |d 2019-11-22 |i 489572K |l 10 |m 3 |o 338.5 PIN 2009 |p 489572K |r 2025-01-20 |s 2024-09-23 |w 2019-11-22 |y BK |k EII | ||
| 952 | |0 0 |1 0 |2 ddc |4 0 |6 338_500000000000000_PIN_2009 |7 0 |8 A |9 451153 |a BIBING |b BIBING |d 2019-11-22 |i 4902017 |l 6 |m 1 |o 338.5 PIN 2009 |p 4902017 |r 2025-01-20 |s 2024-10-22 |w 2019-11-22 |y BK |k EII | ||
| 952 | |0 0 |1 0 |3 erb |4 0 |6 338_500000000000000_PIN_2009 |7 0 |8 A |9 451154 |a BIBALI |b BIBALI |c RES |i 5245915 |l 1 |o 338.5 PIN 2009 |p 5245915 |r 2025-01-20 |s 2022-08-08 |w 2019-11-22 |y BK_R |z Catalogado en:20151029 |k ALI | ||
| 952 | |0 0 |1 0 |3 erb |4 0 |6 338_500000000000000_PIN_2009 |7 0 |8 A |9 451155 |a BIBALI |b BIBALI |c RES |i 5247713 |l 2 |m 1 |o 338.5 PIN 2009 |p 5247713 |r 2025-01-20 |s 2023-05-08 |w 2019-11-22 |y BK_R |z Catalogado en:20151106 |k ALI | ||
| 952 | |0 0 |1 0 |3 erb |4 0 |6 338_500000000000000_PIN_2009 |7 0 |8 A |9 451156 |a BIBALI |b BIBALI |c RES |i 5254868 |l 2 |m 1 |o 338.5 PIN 2009 |p 5254868 |r 2025-01-20 |s 2022-08-11 |w 2019-11-22 |y BK_R |z Catalogado en:20151204 |k ALI | ||